Русские песни, сочинённые до 1917-го года - Армагеддон - Statistics

General Stats
  • This quiz has been taken 13 times
  • The average score is 2 of 15
Answers on the Grid
Answers color-coded by a green-red scale on the quiz's grid according to % correct below.
Гори, гори, моя звезда
Старый клён
Дорогой длинною
Валенки
Поле, русское поле
Во саду ли, в огороде
Тёмная ночь
Калинка
Эй, ухнем
Во поле берёза стояла
Смуглянка
Любо, братцы, любо
Виновата ли я?
По улице ходила большая крокодила
Чижик-пыжик
Ой, мороз, мороз
Хас-Булат удалой
Ой, при лужку, при лужке
Бублички
Три белых коня
Подмосковные вечера
Светит месяц
Одинокая бродит гармонь
Широка река
Яблочко
В землянке
Ой, то не вечер, то не вечер
Не для меня
Во кузнице
Полюшко-поле
 
Answer Stats
Answer % Correct
Гори, гори, моя звезда
50%
Валенки
30%
Во поле берёза стояла
30%
Калинка
20%
Чижик-пыжик
20%
Эй, ухнем
10%
Любо, братцы, любо
10%
Во кузнице
10%
Во саду ли, в огороде
0%
По улице ходила большая крокодила
0%
Хас-Булат удалой
0%
Ой, при лужку, при лужке
0%
Светит месяц
0%
Яблочко
0%
Ой, то не вечер, то не вечер
0%
No matching quizzes found
Score Distribution
Percent of People with Each Score
Percentile by Number Answered
Your Score History
You have not taken this quiz